| 000 | 00000nam##2200000za#4500 |
| 001 | 9.695709 |
| 003 | CaOODSP |
| 005 | 20230202144025 |
| 007 | cr ||||||||||| |
| 008 | 150407|1998||||xxc|||||o f|0| 0 eng|d |
| 040 | |aCaOODSP|beng |
| 043 | |an-cn--- |
| 086 | 1 |aH72-21/157-1998E-PDF |
| 110 | 2 |aNational Clearinghouse on Family Violence (Canada). |
| 245 | 10|aHusband abuse : |h[electronic resource]|ban overview of research and perspectives / |cprepared by Leslie Tutty. |
| 260 | |aOttawa - Ontario : |bHealth Canada. |cc1999. |
| 300 | |a29p.|breferences |
| 500 | |aThe catalogue number (H72-21/157-1998E) and ISBN (0-662-26603-X) for the print edition have been incorrectly copied in this electronic publication. |
| 590 | |a12-13-Supp|b2012-04-03 |
| 720 | 1 |aTutty, Leslie |
| 775 | 08|tViolence à l'égard du mari : |w(CaOODSP)9.639837 |
| 776 | 0#|tHusband abuse: an overview of research and perspectives / |w(CaOODSP)9.646856 |
| 856 | 40|ahttp://publications.gc.ca|qPDF|s292 KB|uhttps://publications.gc.ca/collections/Collection/H72-21-157-1998E.pdf |